Využitie aplikácií MS Office v manažmente malého podniku bakalárska práca

Uložené v:
Podrobná bibliografia
Hlavný autor: Mituníková, Simona
Korporativný autor: Fakulta podnikového manažmentu EU. Katedra informačného manažmentu
Ďalší autori: Bolek, Vladimír, 1988-
Médium: Kniha
Jazyk:Slovak
Vydavateľské údaje: Bratislava 2021
Tagy: Pridať tag
Žiadne tagy, Buďte prvý, kto otaguje tento záznam!

MARC

LEADER 00000nbm a2200000 4500
001 0275607
005 20211104095333.9
041 0 |a slo 
044 |a SK 
245 1 0 |a Využitie aplikácií MS Office v manažmente malého podniku  |b bakalárska práca  |c Simona Mituníková ; školiteľ: Vladimír Bolek 
264 1 |a Bratislava  |c 2021 
300 |a 51 s. 
100 1 |a Mituníková, Simona 
700 1 |a Bolek, Vladimír, 1988- 
710 2 |a Fakulta podnikového manažmentu EU. Katedra informačného manažmentu